Marketing Rau - Hoa - Quả

Sách trình bày các phương pháp marketing giúp các nông dân tìm hiểu thị trường và quyết định những việc cần làm để tiếp cận thị trường.

Сохранить в:
Библиографические подробности
Главный автор: Dixie, Grahame
Формат:
Язык:Undetermined
Опубликовано: Thành phố Hồ Chí Minh Nông nghiệp 2008
Предметы:
Метки: Добавить метку
Нет меток, Требуется 1-ая метка записи!
Thư viện lưu trữ: Trung tâm Học liệu Trường Đại học Cần Thơ
LEADER 00905nam a2200217Ia 4500
001 CTU_138636
008 210402s9999 xx 000 0 und d
020 |c 34500 
082 |a 338.1 
082 |b D619 
100 |a Dixie, Grahame 
245 0 |a Marketing Rau - Hoa - Quả 
245 0 |c Grahame Dixie ; Phan Thị Giác Tâm, Nguyễn Thị Bích Phương biên dịch 
260 |a Thành phố Hồ Chí Minh 
260 |b Nông nghiệp 
260 |c 2008 
520 |a Sách trình bày các phương pháp marketing giúp các nông dân tìm hiểu thị trường và quyết định những việc cần làm để tiếp cận thị trường. 
650 |a Farm products,Thị trường nông sản,Agriculture 
650 |x Economic aspects 
904 |i Trọng Hải 
980 |a Trung tâm Học liệu Trường Đại học Cần Thơ